[Event "Ankara Baskent Univ op-A 5th"]
[Site "Ankara"]
[Date "2022.07.06"]
[Round "8"]
[White "Primbetov, Marat"]
[Black "Eke, Salih"]
[Result "1-0"]
[WhiteElo "2186"]
[BlackElo "2195"]
[PlyCount "129"]
[EventDate "2022.07.02"]
[EventType "swiss"]
[EventRounds "9"]
[EventCountry "TUR"]
[SourceTitle "CBM 209 Extra"]
[Source "ChessBase"]
[SourceDate "2022.09.30"]
[SourceVersion "1"]
[SourceVersionDate "2022.09.30"]
[SourceQuality "1"]

1. e4 c5 2. Nf3 Nc6 3. Bb5 g6 4. 0-0 Bg7 5. c3 Nf6 6. Re1 0-0 7. h3 d5 8. e5 Ne8 9. d4 cxd4 10. cxd4 Nc7 11. Ba4 b5 12. Bb3 a5 13. a3 Ba6 14. Nc3 b4 15. Na4 Ne6 16. Be3 bxa3 17. bxa3 Na7 18. Nc3 Nc7 19. Qd2 Rb8 20. Qa2 e6 21. Na4 Nc8 22. Bd2 Na8 23. Rac1 Bb5 24. Nc5 Ne7 25. a4 Be8 26. Be3 Nc6 27. Qd2 Qb6 28. Rb1 Qa7 29. Rec1 Nc7 30. Bh6 Na6 31. Nxa6 Qxa6 32. Bxg7 Kxg7 33. h4 Nb4 34. Rc3 Qb6 35. Rbc1 Nc6 36. h5 h6 37. Bd1 Bd7 38. Bc2 Qd8 39. Bb1 Rb6 40. Rc5 g5 41. Qd3 Rh8 42. Nh2 Rb4 43. Rxc6 Bxc6 44. Rxc6 Qd7 45. Rc1 Rxa4 46. Ng4 Rc4 47. Rd1 a4 48. Ba2 Rb4 49. Qf3 Qe7 50. Rc1 Rhb8 51. Nf6 Rb2 52. Qd3 Rh8 53. Ra1 Qb4 54. Bxd5 exd5 55. Nxd5 Qb3 56. Qe4 Rb8 57. e6 Rb1+ 58. Kh2 Rxa1 59. Qe5+ Kh7 60. Qf5+ Kg8 61. Qxf7+ Kh8 62. Qf6+ Kh7 63. Qg6+ Kh8 64. Qxh6+ Kg8 65. Nf6# 1-0

[Event "Asian-ch Seniors 65"]
[Site "Chess.com INT"]
[Date "2020.07.20"]
[Round "8.2"]
[White "Elbaba, Ezat"]
[Black "Primbetov, Marat"]
[Result "0-1"]
[WhiteElo "2115"]
[BlackElo "2197"]
[PlyCount "78"]
[EventDate "2020.07.20"]
[EventType "swiss"]
[EventRounds "9"]
[EventCountry "UAE"]
[SourceTitle "EXT 2024"]
[Source "ChessBase"]
[SourceDate "2023.10.10"]
[SourceVersion "1"]
[SourceVersionDate "2023.10.10"]
[SourceQuality "1"]

1. Nf3 Nf6 2. d4 d5 3. Bf4 c5 4. e3 Nc6 5. Nbd2 Qb6 6. dxc5 Qxb2 7. Bd3 e5 8. Rb1 Qc3 9. Rb3 Qxc5 10. Nxe5 Be7 11. 0-0 0-0 12. Rb5 Qa3 13. Qb1 a6 14. Rb3 Qa5 15. Nxc6 bxc6 16. Rd1 c5 17. c4 Be6 18. cxd5 Nxd5 19. Nc4 Qa4 20. Bxh7+ Kh8 21. Bd3 Nxf4 22. Nb6 Qe8 23. Ra3 Nxd3 24. Nxa8 Qxa8 25. Qxd3 c4 26. Qe2 Bxa3 27. Rd4 Be7 28. Qh5+ Kg8 29. f4 Rd8 30. f5 Rxd4 31. fxe6 Rd1+ 32. Qxd1 fxe6 33. Qd7 Kf7 34. Qd4 Qd5 35. Qf4+ Kg8 36. Qb8+ Bf8 37. g3 Qd1+ 38. Kg2 Qe2+ 39. Kh3 Qxe3 0-1

[Event "Asian-ch Seniors 65"]
[Site "Chess.com INT"]
[Date "2020.07.20"]
[Round "1.1"]
[White "Primbetov, Marat"]
[Black "Iskichekova, Nadezhda"]
[Result "1-0"]
[WhiteElo "2197"]
[BlackElo "1763"]
[PlyCount "77"]
[EventDate "2020.07.20"]
[EventType "swiss"]
[EventRounds "9"]
[EventCountry "UAE"]
[SourceTitle "EXT 2024"]
[Source "ChessBase"]
[SourceDate "2023.10.10"]
[SourceVersion "1"]
[SourceVersionDate "2023.10.10"]
[SourceQuality "1"]

1. Nf3 d5 2. d4 Nf6 3. c4 c6 4. Nc3 e6 5. e3 Nbd7 6. Bd3 Bd6 7. 0-0 0-0 8. e4 dxe4 9. Nxe4 Nxe4 10. Bxe4 Nf6 11. Bc2 Re8 12. Re1 h6 13. Bd2 b6 14. Bc3 Bb7 15. Qd3 Qc7 16. Rad1 Rad8 17. h3 e5 18. dxe5 Bxe5 19. Bxe5 Rxd3 20. Bxc7 Rxd1 21. Bxd1 Rxe1+ 22. Nxe1 c5 23. Bf3 Bxf3 24. Nxf3 Nd7 25. Ne5 Nxe5 26. Bxe5 a6 27. b3 Kf8 28. Bc7 b5 29. Bd6+ Ke8 30. Bxc5 bxc4 31. bxc4 g6 32. Kf1 h5 33. Ke2 Kd7 34. Kd3 Kc6 35. Kd4 f5 36. a4 g5 37. a5 g4 38. f3 gxh3 39. gxh3 1-0

[Event "Asian-ch Seniors 65"]
[Site "Chess.com INT"]
[Date "2020.07.20"]
[Round "3.1"]
[White "Primbetov, Marat"]
[Black "Lkhagva, Jambaldoo"]
[Result "0-1"]
[WhiteElo "2197"]
[BlackElo "1970"]
[PlyCount "94"]
[EventDate "2020.07.20"]
[EventType "swiss"]
[EventRounds "9"]
[EventCountry "UAE"]
[SourceTitle "EXT 2024"]
[Source "ChessBase"]
[SourceDate "2023.10.10"]
[SourceVersion "1"]
[SourceVersionDate "2023.10.10"]
[SourceQuality "1"]

1. Nf3 Nf6 2. d4 e6 3. Bf4 c5 4. c3 Nc6 5. e3 d5 6. Be2 Bd6 7. Ne5 Qc7 8. Bb5 Nd7 9. Nd3 c4 10. Bxd6 Qxd6 11. Nf4 0-0 12. 0-0 Nf6 13. Ba4 e5 14. Nh5 Bf5 15. b3 Bd3 16. Re1 Nxh5 17. Qxh5 f5 18. bxc4 dxc4 19. Nd2 e4 20. f3 Rf6 21. f4 Ne7 22. Qh4 a6 23. Bd1 Qd5 24. a4 b6 25. Ra2 Qd6 26. Nf1 Nd5 27. g4 Nxc3 28. Rg2 Nxd1 29. Rxd1 fxg4 30. Ng3 c3 31. Nh5 Rh6 32. Rxg4 Rg6 33. f5 Rxg4+ 34. Qxg4 Qh6 35. Kh1 Kh8 36. Rg1 c2 37. f6 gxf6 38. Qd7 Be2 39. Nf4 Bf3+ 40. Ng2 Bxg2+ 41. Kxg2 Qg6+ 42. Kf2 Qxg1+ 43. Kxg1 c1Q+ 44. Kf2 Qd2+ 45. Kg3 Qxe3+ 46. Kh4 Qg5+ 47. Kh3 Rg8 0-1

[Event "Almaty op"]
[Site "Almaty"]
[Date "2018.10.16"]
[Round "1"]
[White "Primbetov, Marat"]
[Black "Mirzoev, Azer"]
[Result "1-0"]
[WhiteElo "2266"]
[BlackElo "2508"]
[PlyCount "143"]
[EventDate "2018.10.16"]
[EventType "swiss"]
[EventRounds "9"]
[EventCountry "KAZ"]
[SourceTitle "CBM 187 Extra"]
[Source "ChessBase"]
[SourceDate "2018.11.04"]
[SourceVersion "1"]
[SourceVersionDate "2018.11.04"]
[SourceQuality "1"]

1. e4 e5 2. Nf3 Nc6 3. Bb5 a6 4. Ba4 Nf6 5. d3 d6 6. c3 Bd7 7. Nbd2 g6 8. 0-0 Bg7 9. d4 b5 10. dxe5 dxe5 11. Bc2 0-0 12. Nb3 Be6 13. Be3 Nd7 14. Nc5 Nxc5 15. Bxc5 Re8 16. Qc1 h6 17. Rd1 Qc8 18. Bb3 Na5 19. Bd5 c6 20. Bxe6 Qxe6 21. b3 Nb7 22. Be3 Kh7 23. Qc2 Bf8 24. a4 Nc5 25. Bxc5 Bxc5 26. b4 Bb6 27. Qa2 Kg7 28. Qxe6 Rxe6 29. Kf1 Ra7 30. Ke2 Rc7 31. axb5 cxb5 32. Ra3 Ba7 33. Rd5 f6 34. h3 Kf7 35. g4 Rec6 36. Rd3 Rc4 37. Nd2 R4c6 38. Nf1 Ke6 39. Ng3 Rd7 40. Rxd7 Kxd7 41. h4 Bb8 42. h5 gxh5 43. Nxh5 Ke6 44. Ng7+ Kf7 45. Nf5 Bd6 46. Nxh6+ Kg6 47. Nf5 Kg5 48. f3 Bf8 49. Ne3 a5 50. Rxa5 Rxc3 51. Rxb5 Rb3 52. Nd5 Rb2+ 53. Ke3 Rb3+ 54. Kf2 Kh4 55. Rb6 Rb2+ 56. Ke1 Bh6 57. Rxf6 Bd2+ 58. Kd1 Kg3 59. Rf5 Bf4 60. Nxf4 exf4 61. e5 Kxf3 62. e6 Rb1+ 63. Kd2 Rb2+ 64. Kd3 Rb3+ 65. Kc4 Re3 66. Kd5 Kxg4 67. Re5 Rxe5+ 68. Kxe5 f3 69. e7 f2 70. e8Q f1Q 71. Qg6+ Kh3 72. Qf5+ 1-0

[Event "Wch Seniors 65 27th"]
[Site "Acqui Terme"]
[Date "2017.11.18"]
[Round "11"]
[White "Primbetov, Marat"]
[Black "Frick, Christoph"]
[Result "1-0"]
[WhiteElo "2222"]
[BlackElo "2230"]
[PlyCount "142"]
[EventDate "2017.11.07"]
[EventType "swiss"]
[EventRounds "11"]
[EventCountry "ITA"]
[SourceTitle "CBM 181 Extra"]
[Source "ChessBase"]
[SourceDate "2017.12.12"]
[SourceVersion "1"]
[SourceVersionDate "2017.12.12"]
[SourceQuality "1"]

1. e4 c6 2. d3 d5 3. Nd2 e5 4. Ngf3 Bd6 5. d4 exd4 6. exd5 Nf6 7. dxc6 Nxc6 8. Be2 0-0 9. 0-0 Re8 10. Re1 Bg4 11. h3 Bh5 12. Nh4 d3 13. cxd3 Bxe2 14. Rxe2 Rxe2 15. Qxe2 Nd4 16. Qd1 Rc8 17. Nc4 Bb8 18. Be3 b5 19. Bxd4 Qxd4 20. Nf5 Qd7 21. Nce3 g6 22. Nh6+ Kg7 23. Qd2 Kf8 24. Nhg4 Nh5 25. Nf1 Nf4 26. Rd1 h5 27. Ngh2 Rd8 28. Nf3 Qd5 29. h4 Kg8 30. Ne3 Qxa2 31. Qb4 Qe6 32. Qxb5 Bc7 33. Qc4 Qd6 34. Ng5 Rd7 35. g3 Ne2+ 36. Kf1 Nd4 37. Ne4 Qe5 38. f4 Qe7 39. Nd5 Rxd5 40. Qxd5 Nf5 41. Re1 Kg7 42. Re2 Kh6 43. Qa8 Bd8 44. Qb8 Qd7 45. Qe5 Kh7 46. Qc3 Nd4 47. Rg2 Nf5 48. Ke1 Ne3 49. Re2 Nd5 50. Qe5 Nb4 51. Qd6 Nxd3+ 52. Kd2 Qxd6 53. Nxd6 Nxb2 54. Nxf7 Bf6 55. Re4 a5 56. Kc2 a4 57. Ne5 a3 58. Rd4 Kg7 59. Kb3 Be7 60. Nc6 Bf8 61. Nb4 Bc5 62. Rd7+ Kf6 63. Kxa3 Ke6 64. Rd8 Nc4+ 65. Ka4 Ne3 66. Kb5 Bd6 67. Re8+ Be7 68. Nc6 Nf5 69. Nxe7 Nxe7 70. Kc5 Kf6 71. Rb8 Kf5 1-0

[Event "KAZ-ch"]
[Site "Kostanay"]
[Date "2008.04.21"]
[Round "2"]
[White "Ibrayev, Nurlan"]
[Black "Primbetov, Marat"]
[Result "1-0"]
[WhiteElo "2507"]
[BlackElo "2202"]
[PlyCount "79"]
[EventDate "2008.04.20"]
[EventType "swiss"]
[EventRounds "9"]
[EventCountry "KAZ"]
[SourceTitle "EXT 2022"]
[Source "ChessBase"]
[SourceDate "2021.10.06"]
[SourceVersion "1"]
[SourceVersionDate "2021.10.06"]
[SourceQuality "1"]

1. d4 Nf6 2. c4 d6 3. Nc3 e5 4. Nf3 Nbd7 5. e4 Be7 6. Be2 0-0 7. 0-0 Re8 8. Be3 Bf8 9. d5 Nc5 10. Nd2 a5 11. b3 Bd7 12. a3 Na6 13. Rb1 c5 14. Re1 h6 15. Nf1 g6 16. Qd2 Kh7 17. Ng3 Nc7 18. h3 Ng8 19. b4 axb4 20. axb4 b6 21. Rf1 Na6 22. bxc5 Nxc5 23. Qb2 Rb8 24. f4 exf4 25. Rxf4 f6 26. Bd4 Bg7 27. Qc2 Re5 28. Ra1 Ra8 29. Rff1 h5 30. Rxa8 Qxa8 31. Bxe5 fxe5 32. Rb1 Qd8 33. Nf1 Bh6 34. Bf3 Ne7 35. h4 Nc8 36. g3 g5 37. Bxh5 gxh4 38. Qf2 Qg5 39. Qf7+ Bg7 40. Qf3 1-0